Waters and others v Welsh Development Agency (Record no. 117330)

MARC details
000 -LEADER
fixed length control field 02430cam a2200301 4500
001 - CONTROL NUMBER
control field ABS67824
008 - FIXED-LENGTH DATA ELEMENTS--GENERAL INFORMATION
fixed length control field 040510n2004 000 0 eng u
035 ## - SYSTEM CONTROL NUMBER
System control number (Sirsi) u126158
245 ## - TITLE STATEMENT
Title Waters and others v Welsh Development Agency
260 ## - PUBLICATION, DISTRIBUTION, ETC.
Date of publication, distribution, etc. 2004
490 ## - SERIES STATEMENT
Series statement Weekly Law Reports
Volume/sequential designation [2004] 1 WLR 1304-1348(45)
490 ## - SERIES STATEMENT
Series statement Rating and Valuation Reporter
Volume/sequential designation [2004] RVR 153-172(21)
520 ## - SUMMARY, ETC.
Summary, etc. [2004] UKHL 19, 29 April 2004. The appeal concerned the basis for assessing compensation for compulsory acquisition of land. W's land was compulsorily purchased in 1997 by the WDA to create suitable new wetland habitats for the Cardiff Bay barrage project. W put forward three measures of valuation for the land: i) as agricultural land, ii) as a nature reserve and iii) a ransom value on the basis that the land was indispensable to the barrage scheme. The LT (ACQ/93-9/1999, [2001] 1 EGLR 185) decided that as a preliminary issue following "Pointe Gourde Quarrying and Transport Co Ltd v Superintendent of Crown Lands" ([1947] AC 655) the land had to be valued leaving out any effect on value of the adoption or implementation of the proposal to provide land for the development of a nature reserve. "Held": that the LT and CA were right to decide that for the purposes of the "Point Gourde" principle the acquisition of W's land for a nature reserve was an integral part of the scheme. When assessing compensation, WDA's need to acquire the land as a palliative measure necessary of the environmental consequences of the Cardiff Bay projects was to be disregarded. Appeal dismissed. View judgment at www.parliament.the-stationery-office.co.uk
590 ## - LOCAL NOTE (RLIN)
Local note ABS
590 ## - LOCAL NOTE (RLIN)
Local note ABS
650 ## - SUBJECT ADDED ENTRY--TOPICAL TERM
Topical term or geographic name entry element WATERS AND OTHERS V WELSH DEVELOPMENT AGENCY
650 ## - SUBJECT ADDED ENTRY--TOPICAL TERM
Topical term or geographic name entry element COMPENSATION
650 ## - SUBJECT ADDED ENTRY--TOPICAL TERM
Topical term or geographic name entry element POINTE GOURDE QUARRYING AND TRANSPORT CO LTD V CROWN LANDS SUPERINTENDENT
650 ## - SUBJECT ADDED ENTRY--TOPICAL TERM
Topical term or geographic name entry element RANSOM VALUE
650 ## - SUBJECT ADDED ENTRY--TOPICAL TERM
Topical term or geographic name entry element NATURE RESERVES
650 ## - SUBJECT ADDED ENTRY--TOPICAL TERM
Topical term or geographic name entry element GAJAPATIRAJU V RDO VIZAGAPATAM
650 ## - SUBJECT ADDED ENTRY--TOPICAL TERM
Topical term or geographic name entry element Valuation
9 (RLIN) 6273
650 ## - SUBJECT ADDED ENTRY--TOPICAL TERM
Topical term or geographic name entry element STOKES V CAMBRIDGE
690 ## - LOCAL SUBJECT ADDED ENTRY--TOPICAL TERM (OCLC, RLIN)
Topical term or geographic name as entry element COMPULSORY PURCHASE AND COMPENSATION-CASE LAW
856 ## - ELECTRONIC LOCATION AND ACCESS
Uniform Resource Identifier <a href="https://www.parliament.the-stationery-office.co.uk/pa/ld200304/ldjudgmt/jd040429/waters-1.htm">https://www.parliament.the-stationery-office.co.uk/pa/ld200304/ldjudgmt/jd040429/waters-1.htm</a>
Public note View judgment on the UK Parliament website...
856 ## - ELECTRONIC LOCATION AND ACCESS
Uniform Resource Identifier <a href="https://www.parliament.the-stationery-office.co.uk/pa/ld200304/ldjudgmt/jd040429/waters-1.htm">https://www.parliament.the-stationery-office.co.uk/pa/ld200304/ldjudgmt/jd040429/waters-1.htm</a>
Public note View judgment on the UK Parliament website...
942 ## - ADDED ENTRY ELEMENTS (KOHA)
Suppress in OPAC 0
Holdings
Withdrawn status Lost status Source of classification or shelving scheme Damaged status Not for loan Home library Current library Shelving location Date acquired Total Checkouts Full call number Barcode Date last seen Copy number Price effective from Koha item type
    Dewey Decimal Classification     London London Journals 10/05/2004   ABS67824 126158-1001 06/08/2019 1 06/08/2019 Law report